Everyday science : (Record no. 110101)
[ view plain ]
| 000 -LEADER | |
|---|---|
| fixed length control field | 00273nam a2200109 a 4500 |
| 001 - CONTROL NUMBER | |
| control field | 4140 |
| 005 - DATE AND TIME OF LATEST TRANSACTION | |
| control field | 20140414131849.0 |
| 008 - FIXED-LENGTH DATA ELEMENTS--GENERAL INFORMATION | |
| fixed length control field | 090218s19uu xx 00 eng d |
| 050 ## - LIBRARY OF CONGRESS CALL NUMBER | |
| Classification number | M 500 |
| Item number | Ev2 2005 |
| 245 ## - TITLE STATEMENT | |
| Title | Everyday science : |
| Remainder of title | including how things work. |
| Withdrawn status | Lost status | Damaged status | Home library | Current library | Shelving location | Date acquired | Total Checkouts | Full call number | Barcode | Date last seen | Price effective from | Koha item type |
|---|---|---|---|---|---|---|---|---|---|---|---|---|
| Munich Library | Munich Library | Main Section | 02/18/2009 | M 500 Ev2 2005 | M0392 | 04/14/2014 | 04/14/2014 | Books |